Fragrance Brands by their Country Part 2 - Statistics

General Stats
  • This quiz has been taken 32 times
  • The average score is 13 of 20
Answer Stats
Brand Country % Correct
Louis Vuitton France
100%
Acqua di Parma Italy
97%
Gucci Italy
94%
Guerlain France
91%
Parfums de Marley France
84%
YSL France
78%
Montale France
75%
Calvin Klein United States
75%
Ralph Lauren (Polo) United States
75%
Azzaro France
69%
Bvlgari Italy
66%
Zara Spain
63%
Bond No.9 United States
63%
Lacoste United States
59%
Xerjoff Italy
56%
Balenciaga Spain
56%
Rasasi United Arab Emirates
56%
H&M Sweden
50%
Roja Dove United Kingdom
22%
Davidoff Switzerland
19%
No matching quizzes found
Score Distribution
Percent of People with Each Score
Percentile by Number Answered
Your Score History
You have not taken this quiz